[Event "DEN-chT 2324 61st"]
[Site "Denmark"]
[Date "2024.01.27"]
[Round "5.1"]
[White "Brunello, Sabino"]
[Black "Rasmussen, Allan Stig"]
[Result "0-1"]
[WhiteElo "2512"]
[BlackElo "2510"]
[PlyCount "62"]
[EventDate "2023.10.28"]
[EventType "team-tourn"]
[EventRounds "9"]
[EventCountry "DEN"]
[SourceTitle "CB11_2024"]
[SourceDate "2024.03.13"]
[SourceVersion "1"]
[SourceVersionDate "2024.03.13"]
[SourceQuality "1"]
[WhiteTeam "Koge"]
[BlackTeam "Frem"]
[WhiteTeamCountry "DEN"]
[BlackTeamCountry "DEN"]

1. c4 e5 2. e3 d6 3. d4 Be7 4. Nc3 f5 5. Bd3 Nf6 6. Nge2 c6 7. f3 0-0 8. Bd2 Na6 9. a3 Nc7 10. Qc2 g6 11. 0-0-0 Be6 12. h3 b5 13. cxb5 cxb5 14. g4 b4 15. axb4 Ncd5 16. Nxd5 Nxd5 17. Kb1 fxg4 18. fxg4 Qe8 19. b5 Rc8 20. Qa4 Nb6 21. Qa6 Bd5 22. e4 Bb3 23. Rdf1 d5 24. Nc1 dxe4 25. Bxe4 Bc4 26. Rxf8+ Bxf8 27. Re1 Qd7 28. Qb7 Qxb5 29. dxe5 Rd8 30. e6 Bg7 31. Qf7+ Kh8 0-1

[Event "Copenhagen Killer Chess op"]
[Site "Copenhagen"]
[Date "2023.10.21"]
[Round "8"]
[White "Rasmussen, Allan Stig"]
[Black "Arizmendi Martinez, Julen Luis"]
[Result "0-1"]
[WhiteElo "2510"]
[BlackElo "2515"]
[PlyCount "118"]
[EventDate "2023.10.14"]
[EventType "swiss"]
[EventRounds "9"]
[EventCountry "DEN"]
[SourceTitle "Mega2024 Update 01"]
[Source "Chessbase"]
[SourceDate "2023.11.12"]
[SourceVersion "1"]
[SourceVersionDate "2023.11.12"]
[SourceQuality "1"]

1. d4 Nf6 2. Nf3 d5 3. c4 e6 4. g3 Bb4+ 5. Bd2 Be7 6. Bg2 c6 7. Qc2 Nbd7 8. 0-0 b6 9. b3 Bb7 10. Nc3 Rc8 11. Rad1 Ba6 12. e4 dxc4 13. Rfe1 0-0 14. h4 c5 15. d5 e5 16. bxc4 Bxc4 17. d6 Bxd6 18. Bg5 Qe7 19. Qa4 b5 20. Nxb5 Bxb5 21. Qxb5 h6 22. Bc1 c4 23. Bh3 Rc7 24. Qa5 Nb6 25. Re2 c3 26. Rd3 Rc4 27. Bf5 g6 28. Bh3 Kg7 29. Qb5 Nxe4 30. h5 Rb4 31. Qc6 Rc4 32. Qb5 Qf6 33. Kg2 Nc5 34. Rd1 e4 35. Nh4 Rd4 36. Rf1 Nd3 37. Be3 Rd5 38. Qc6 Rxh5 39. Qxe4 Nc5 40. Qc6 Nc4 41. Rd1 Nxe3+ 42. Rxe3 Rd8 43. Rc1 Be5 44. Qxc5 Bd4 45. Qe7 Bxe3 46. Qxe3 Qc6+ 47. Kh2 c2 48. Bg4 Ra5 49. Qb3 Rd2 50. Qe3 Rd8 51. Qb3 Rd2 52. Qe3 Rad5 53. Nf3 Rd1 54. Ne5 Qf6 55. Nd7 Rxd7 56. Rxc2 R1d3 57. Qc5 R3d5 58. Qa3 Rd2 59. Qc5 R7d5 0-1

[Event "Trieste op 25th"]
[Site "Trieste"]
[Date "2023.09.07"]
[Round "8"]
[White "Devnani, Kush"]
[Black "Rasmussen, Allan Stig"]
[Result "0-1"]
[WhiteElo "2205"]
[BlackElo "2520"]
[PlyCount "62"]
[EventDate "2023.09.02"]
[EventType "swiss"]
[EventRounds "9"]
[EventCountry "ITA"]
[SourceTitle "EXT 2024"]
[Source "ChessBase"]
[SourceDate "2023.10.10"]
[SourceVersion "1"]
[SourceVersionDate "2023.10.10"]
[SourceQuality "1"]

1. d4 Nf6 2. c4 e6 3. Nf3 c5 4. d5 b5 5. dxe6 fxe6 6. cxb5 d5 7. Nc3 Nbd7 8. e4 d4 9. Nb1 Bb7 10. Bd3 Bd6 11. Qe2 0-0 12. Na3 Qe8 13. Bd2 Rc8 14. Nc4 Bc7 15. 0-0-0 Nb6 16. Nxb6 Bxb6 17. Kb1 c4 18. Bxc4 Nxe4 19. Bb4 Rxc4 20. Qxc4 Bd5 21. Qe2 d3 22. Qxd3 Nxf2 23. Qe2 Qg6+ 24. Ka1 Nxd1 25. Rxd1 Rf4 26. Bd6 Ra4 27. a3 Rc4 28. Ne5 Qc2 29. Qf1 Rf4 30. Qe1 Rf2 31. Nd3 Qb3 0-1

[Event "Trieste op 25th"]
[Site "Trieste"]
[Date "2023.09.06"]
[Round "7"]
[White "Rasmussen, Allan Stig"]
[Black "Sepehrkhoui, Ardeshir"]
[Result "1/2-1/2"]
[WhiteElo "2520"]
[BlackElo "2195"]
[PlyCount "108"]
[EventDate "2023.09.02"]
[EventType "swiss"]
[EventRounds "9"]
[EventCountry "ITA"]
[SourceTitle "EXT 2024"]
[Source "ChessBase"]
[SourceDate "2023.10.10"]
[SourceVersion "1"]
[SourceVersionDate "2023.10.10"]
[SourceQuality "1"]

1. c4 Nf6 2. Nf3 c5 3. Nc3 d5 4. cxd5 Nxd5 5. e3 Nb4 6. Bc4 Nd3+ 7. Ke2 Nxc1+ 8. Rxc1 Nc6 9. Bb5 Bd7 10. d4 cxd4 11. Nxd4 g5 12. Bxc6 bxc6 13. Ne4 Bg7 14. Nxg5 Qa5 15. Ne4 Qxa2 16. Nc5 Rd8 17. Qa4 Qd5 18. Nf3 0-0 19. Rhd1 Qf5 20. Qxa7 Be6 21. Rxd8 Rxd8 22. Qb6 Rc8 23. Nxe6 Qxe6 24. b3 Qg4 25. Qb7 Qe6 26. Rc4 c5 27. Ng5 Qc6 28. Qxc6 Rxc6 29. Ne4 Rb6 30. Nxc5 f5 31. b4 Kf7 32. h3 Rb5 33. g4 fxg4 34. hxg4 Be5 35. Kd3 Rb8 36. Nd7 Rd8 37. Ke4 Bd6 38. Ne5+ Ke6 39. Nc6 Rg8 40. f3 Kd7 41. b5 Rg5 42. Nd4 h5 43. gxh5 Re5+ 44. Kd3 Rxh5 45. f4 e5 46. fxe5 Rxe5 47. Rc6 Bc5 48. b6 Rxe3+ 49. Kc4 Bxd4 50. Rc7+ Kd6 51. Kxd4 Rb3 52. Rh7 Rxb6 53. Rh6+ Kc7 54. Rxb6 Kxb6 1/2-1/2

[Event "Trieste op 25th"]
[Site "Trieste"]
[Date "2023.09.05"]
[Round "6"]
[White "Olenik Campa, Rudi"]
[Black "Rasmussen, Allan Stig"]
[Result "1/2-1/2"]
[WhiteElo "2281"]
[BlackElo "2520"]
[PlyCount "72"]
[EventDate "2023.09.02"]
[EventType "swiss"]
[EventRounds "9"]
[EventCountry "ITA"]
[SourceTitle "EXT 2024"]
[Source "ChessBase"]
[SourceDate "2023.10.10"]
[SourceVersion "1"]
[SourceVersionDate "2023.10.10"]
[SourceQuality "1"]

1. e4 e6 2. d4 d5 3. exd5 exd5 4. Bd3 Bd6 5. Nf3 Ne7 6. 0-0 Nbc6 7. c3 Bg4 8. Nbd2 Qd7 9. a4 f6 10. Re1 g5 11. b4 a5 12. b5 Nd8 13. c4 Bb4 14. Ba3 Bxa3 15. Rxa3 0-0 16. Qc2 Rf7 17. h3 Be6 18. Nf1 dxc4 19. Bxc4 Nd5 20. Ne3 c6 21. Nxd5 cxd5 22. Bd3 Rc8 23. Rc3 Rxc3 24. Qxc3 b6 25. Rc1 Kg7 26. Qc2 h6 27. Nh2 Qd6 28. Qc3 Kf8 29. Be2 Re7 30. Ng4 Kg7 31. Bf3 Rd7 32. Ne3 Qf8 33. Qc8 Rb7 34. Qc2 Rd7 35. Qc8 Rb7 36. Qc2 Rd7 1/2-1/2

[Event "Trieste op 25th"]
[Site "Trieste"]
[Date "2023.09.05"]
[Round "5"]
[White "Rasmussen, Allan Stig"]
[Black "Kolbus, Dietmar"]
[Result "1-0"]
[WhiteElo "2520"]
[BlackElo "2231"]
[PlyCount "109"]
[EventDate "2023.09.02"]
[EventType "swiss"]
[EventRounds "9"]
[EventCountry "ITA"]
[SourceTitle "EXT 2024"]
[Source "ChessBase"]
[SourceDate "2023.10.10"]
[SourceVersion "1"]
[SourceVersionDate "2023.10.10"]
[SourceQuality "1"]

1. c4 c6 2. Nf3 d5 3. e3 Nf6 4. Nc3 a6 5. d4 g6 6. Bd2 Bg7 7. Qb3 0-0 8. Rc1 Ra7 9. cxd5 cxd5 10. Ne5 Nc6 11. Nxc6 bxc6 12. Be2 Nd7 13. 0-0 e5 14. dxe5 Nxe5 15. Na4 a5 16. Bc3 Ba6 17. Qd1 Bxe2 18. Qxe2 Qa8 19. Bd4 Ra6 20. Nc5 Ra7 21. Qc2 Nc4 22. Bxg7 Kxg7 23. b3 Nd6 24. Qc3+ Kg8 25. Qd4 Re8 26. Rc2 h5 27. Rfc1 Nf5 28. Qa4 Ne7 29. Nd3 Qb8 30. Rc5 Qc7 31. h3 Rd8 32. Qd4 Ra6 33. Ne5 Qd6 34. Qc3 Rc8 35. Nf3 Qd8 36. Qf6 Rc7 37. Ne5 Qe8 38. g4 hxg4 39. hxg4 Qf8 40. Qd6 Qc8 41. Kg2 Kg7 42. g5 Ng8 43. Kg3 f6 44. Ng4 fxg5 45. Rxd5 Re7 46. Rxg5 Re6 47. Qd4+ Kf8 48. Qf4+ Kg7 49. Rh1 Qd7 50. Ne5 Qe7 51. Qh4 Rxe5 52. Qh8+ Kf8 53. Rxe5 Qf6 54. Qxf6+ Nxf6 55. Rh4 1-0

[Event "Trieste op 25th"]
[Site "Trieste"]
[Date "2023.09.02"]
[Round "1"]
[White "Rasmussen, Allan Stig"]
[Black "Lasinskas, Povilas"]
[Result "1-0"]
[WhiteElo "2520"]
[BlackElo "2145"]
[PlyCount "163"]
[EventDate "2023.09.02"]
[EventType "swiss"]
[EventRounds "9"]
[EventCountry "ITA"]
[SourceTitle "EXT 2024"]
[Source "ChessBase"]
[SourceDate "2023.10.10"]
[SourceVersion "1"]
[SourceVersionDate "2023.10.10"]
[SourceQuality "1"]

1. c4 Nf6 2. Nc3 e5 3. e3 Bb4 4. Nge2 0-0 5. a3 Bxc3 6. Nxc3 b6 7. Be2 Bb7 8. 0-0 d6 9. d3 Nbd7 10. e4 Nc5 11. f4 exf4 12. Bxf4 Ne6 13. Be3 c5 14. b4 Nd7 15. Rb1 Ne5 16. Qd2 Nc6 17. Bg4 Ncd4 18. Qf2 Bc8 19. Rb2 Nc6 20. Qg3 Kh8 21. Rd2 f6 22. Nd5 Ne5 23. Be2 Bb7 24. Nc3 Qe8 25. Qh3 Bc8 26. Qh4 Bd7 27. Bh5 Qd8 28. Qg3 Be8 29. Be2 Bc6 30. Qf2 Qe8 31. Nd5 Rc8 32. h3 Bd7 33. Qh4 Ng6 34. Qg3 Ne5 35. Kh2 Bc6 36. Nf4 Nxf4 37. Rxf4 Rc7 38. Rf1 Bd7 39. Bf4 Be6 40. Bd1 Qe7 41. Rff2 Rfc8 42. Rb2 Rd7 43. Ba4 Rdd8 44. Bc2 Nc6 45. Bd2 Bg8 46. Bc3 Ne5 47. a4 Rf8 48. a5 bxa5 49. b5 h6 50. Ra2 Bh7 51. Rxa5 f5 52. exf5 Rxf5 53. Rxf5 Bxf5 54. d4 Ng4+ 55. hxg4 Bxc2 56. Ra6 Kh7 57. Rxd6 cxd4 58. Rxd4 Qe6 59. g5 h5 60. Rd6 Qf7 61. Qe5 Rxc4 62. Bd4 Bg6 63. Rc6 Rb4 64. Rc7 Rxb5 65. Qd6 Rd5 66. Rxf7 Rxd6 67. Rxg7+ Kh8 68. Rd7+ Rxd4 69. Rxd4 Bf5 70. Kg3 Kg7 71. Kf4 Bg4 72. Ra4 Be2 73. Rxa7+ Kg6 74. Rb7 Bd1 75. Rb6+ Kg7 76. Rh6 Be2 77. Kg3 Bd1 78. Kh4 Be2 79. Rxh5 Bd1 80. Rh6 Be2 81. Rb6 Bd1 82. g4 1-0

[Event "Andorra op 39th"]
[Site "Escaldes"]
[Date "2023.07.25"]
[Round "4"]
[White "Rasmussen, Allan Stig"]
[Black "Roshka, Yevgeniy"]
[Result "0-1"]
[WhiteElo "2531"]
[BlackElo "2496"]
[PlyCount "94"]
[EventDate "2023.07.22"]
[EventType "swiss"]
[EventRounds "9"]
[EventCountry "AND"]
[SourceTitle "CBM 215 Extra"]
[Source "ChessBase"]
[SourceDate "2023.09.30"]
[SourceVersion "1"]
[SourceVersionDate "2023.09.30"]
[SourceQuality "1"]

1. e4 c5 2. Nf3 d6 3. d4 cxd4 4. Nxd4 Nf6 5. Nc3 Nc6 6. Be2 e5 7. Nf3 h6 8. 0-0 Be6 9. Qd3 Be7 10. Rd1 0-0 11. a3 a6 12. h3 b5 13. Qe3 Qc7 14. b4 Nb8 15. a4 bxa4 16. Rxa4 Qb7 17. Ba3 Nbd7 18. b5 axb5 19. Bxb5 Rxa4 20. Bxa4 Qa6 21. Bxd7 Nxd7 22. Nd5 Bxd5 23. Rxd5 Rc8 24. Qd3 Rc6 25. Bb4 Qxd3 26. Rxd3 Nf6 27. Nd2 Rxc2 28. f3 Nh5 29. Ra3 Bg5 30. Nf1 Nf4 31. Ne3 Ne2+ 32. Kf1 Ng3+ 33. Kg1 Rc1+ 34. Kf2 Bh4 35. Nd5 Nxe4+ 36. Ke3 Nc5 37. Ra8+ Kh7 38. Ra7 Rc2 39. Bxc5 Rxc5 40. Nb6 f5 41. Nd7 Rc2 42. Ra8 Kg6 43. g4 Bg5+ 44. Kd3 Rd2+ 45. Kc4 Be7 46. Ra7 fxg4 47. hxg4 Kf7 0-1

[Event "Fagernes Autumn op"]
[Site "Fagernes"]
[Date "2022.10.14"]
[Round "7"]
[White "Sethuraman, SP."]
[Black "Rasmussen, Allan Stig"]
[Result "1-0"]
[WhiteElo "2645"]
[BlackElo "2531"]
[PlyCount "69"]
[EventDate "2022.10.09"]
[EventType "swiss"]
[EventRounds "9"]
[EventCountry "NOR"]
[SourceTitle "CBM 210 Extra"]
[Source "ChessBase"]
[SourceDate "2022.11.30"]
[SourceVersion "1"]
[SourceVersionDate "2022.11.30"]
[SourceQuality "1"]

1. d4 d5 2. c4 dxc4 3. e4 Nf6 4. e5 Nd5 5. Bxc4 Nb6 6. Bb3 e6 7. Nf3 c5 8. Nc3 cxd4 9. Bg5 Be7 10. Bxe7 Qxe7 11. Qxd4 Nc6 12. Qg4 0-0 13. 0-0 Nd5 14. Ne4 Kh8 15. Rad1 Na5 16. Bc2 f5 17. exf6 gxf6 18. Qh4 Bd7 19. Rfe1 Rf7 20. Ng3 Qf8 21. Be4 Nb6 22. Nd4 f5 23. Bf3 f4 24. Ne4 Qe7 25. Qh5 Nc6 26. Nc5 Nxd4 27. Rxd4 Qf6 28. Qe5 Qxe5 29. Rxe5 Rc8 30. Bxb7 Rc7 31. h4 Rf5 32. Rxf5 exf5 33. b4 Kg7 34. a4 Kf6 35. a5 1-0

[Event "Fagernes Autumn op"]
[Site "Fagernes"]
[Date "2022.10.09"]
[Round "1"]
[White "Al Tarbosh, Ward"]
[Black "Rasmussen, Allan Stig"]
[Result "1-0"]
[WhiteElo "2161"]
[BlackElo "2531"]
[PlyCount "71"]
[EventDate "2022.10.09"]
[EventType "swiss"]
[EventRounds "9"]
[EventCountry "NOR"]
[SourceTitle "CBM 210 Extra"]
[Source "ChessBase"]
[SourceDate "2022.11.30"]
[SourceVersion "1"]
[SourceVersionDate "2022.11.30"]
[SourceQuality "1"]

1. e4 e5 2. Nf3 Nc6 3. Bb5 a6 4. Ba4 Nge7 5. d3 d6 6. Nc3 b5 7. Bb3 Na5 8. Be3 Bb7 9. Ng5 Nxb3 10. axb3 h6 11. Nh3 g6 12. f4 Bg7 13. fxe5 Bxe5 14. d4 Bg7 15. d5 c5 16. b4 cxb4 17. Bd4 Be5 18. Ne2 Ng8 19. 0-0 Nf6 20. Ng3 Nd7 21. Nf2 Rc8 22. Bxe5 Nxe5 23. Nd3 Qb6+ 24. Kh1 Qd4 25. Qd2 Rc7 26. Qf4 0-0 27. Qxh6 Rxc2 28. Nf5 gxf5 29. Nxe5 Qxe5 30. Rxf5 Qxf5 31. exf5 Bxd5 32. Qg5+ Kh7 33. f6 Rxg2 34. Qh5+ Kg8 35. Qxd5 Rg6 36. Rg1 1-0

[Event "Olympiad-44"]
[Site "Chennai"]
[Date "2022.07.30"]
[Round "2.3"]
[White "Rasmussen, Allan Stig"]
[Black "Phiri, Richmond"]
[Result "1/2-1/2"]
[WhiteElo "2550"]
[BlackElo "2293"]
[PlyCount "80"]
[EventDate "2022.07.29"]
[EventType "team-swiss"]
[EventRounds "11"]
[EventCountry "IND"]
[SourceTitle "CBM 210"]
[Source "ChessBase"]
[SourceDate "2022.10.31"]
[SourceVersion "1"]
[SourceVersionDate "2022.10.31"]
[SourceQuality "1"]
[WhiteTeam "Denmark"]
[BlackTeam "Zambia"]
[WhiteTeamCountry "DEN"]
[BlackTeamCountry "ZAM"]

1. e4 c5 2. Nf3 e6 3. d4 cxd4 4. Nxd4 a6 5. Bd3 Nf6 6. 0-0 d6 7. c4 Be7 8. Nc3 0-0 9. Be3 b6 10. f4 Qc7 11. Rc1 Nbd7 12. b4 Re8 13. g4 g6 14. g5 Nh5 15. Be2 Bb7 16. f5 Bf8 17. Bxh5 gxh5 18. Qxh5 Ne5 19. Rf4 Rac8 20. Rc2 Ng6 21. fxg6 hxg6 22. Qh3 Bg7 23. Rh4 Qxc4 24. Nd5 Qxd4 25. Bxd4 Bxd4+ 26. Kf1 exd5 27. Rxc8 Bxc8 28. Qd3 Be5 29. exd5 b5 30. Qd2 Bf5 31. Rf4 Bxf4 32. Qxf4 Re5 33. h4 Rxd5 34. Qe3 Bd3+ 35. Kg1 Bc4 36. a3 Rd3 37. Qe8+ Kg7 38. Qe7 Rxa3 39. Qxd6 Ra2 40. Qf6+ Kg8 1/2-1/2

[Event "Olympiad-44"]
[Site "Chennai"]
[Date "2022.07.29"]
[Round "1.3"]
[White "Yousuf, MM Al Mutawa"]
[Black "Rasmussen, Allan Stig"]
[Result "0-1"]
[WhiteElo "2120"]
[BlackElo "2550"]
[PlyCount "98"]
[EventDate "2022.07.29"]
[EventType "team-swiss"]
[EventRounds "11"]
[EventCountry "IND"]
[SourceTitle "CBM 210"]
[Source "ChessBase"]
[SourceDate "2022.10.31"]
[SourceVersion "1"]
[SourceVersionDate "2022.10.31"]
[SourceQuality "1"]
[WhiteTeam "Qatar"]
[BlackTeam "Denmark"]
[WhiteTeamCountry "QAT"]
[BlackTeamCountry "DEN"]

1. e4 c6 2. d4 d5 3. e5 Bf5 4. Bd3 Bxd3 5. Qxd3 e6 6. Nf3 Qa5+ 7. c3 Qa6 8. Qxa6 Nxa6 9. 0-0 Ne7 10. Nbd2 c5 11. Nb3 c4 12. Nbd2 Nc6 13. Ne1 b5 14. a3 Nc7 15. f4 a5 16. Nc2 f5 17. Nf3 Kd7 18. Bd2 Be7 19. Rfb1 Rab8 20. Kf2 Rb7 21. Bc1 b4 22. axb4 axb4 23. Nd2 Rhb8 24. Ne3 Nb5 25. Nd1 Bd8 26. Nf3 Ba5 27. Bd2 Nc7 28. Rc1 Bb6 29. Be3 h6 30. Ng1 Na5 31. Ra4 Nb3 32. Rc2 Ra7 33. Rxa7 Bxa7 34. Ne2 Bb6 35. Nc1 Na1 36. Re2 Ba5 37. Kf3 Nb5 38. Na2 b3 39. Nb4 Bxb4 40. cxb4 Nc2 41. Rd2 Ra8 42. g4 Ra1 43. gxf5 exf5 44. Bf2 Ke6 45. Ke2 Nxb4 46. Ne3 c3 47. bxc3 Nxc3+ 48. Kf3 Ra2 49. Nc4 dxc4 0-1

[Event "DEN-ch blitz Final KO"]
[Site "Svendborg"]
[Date "2022.04.15"]
[Round "2.1"]
[White "Nielsen, Viktor Haarmark"]
[Black "Rasmussen, Allan Stig"]
[Result "1-0"]
[WhiteElo "2319"]
[BlackElo "2550"]
[PlyCount "88"]
[EventDate "2022.04.15"]
[EventType "k.o. (blitz)"]
[EventRounds "2"]
[EventCountry "DEN"]
[SourceTitle "EXT 2024"]
[Source "ChessBase"]
[SourceDate "2023.10.10"]
[SourceVersion "1"]
[SourceVersionDate "2023.10.10"]
[SourceQuality "1"]

1. e4 c6 2. Nf3 d5 3. d3 g6 4. g3 Bg7 5. Bg2 e5 6. 0-0 Ne7 7. Re1 dxe4 8. dxe4 Qc7 9. Be3 0-0 10. Nbd2 h6 11. Nc4 Rd8 12. Qe2 b5 13. Ncd2 Na6 14. Nb3 Be6 15. Nfd2 Bf8 16. a4 Nb4 17. Rec1 bxa4 18. Nc5 Bc8 19. Rxa4 a5 20. Ndb3 Na6 21. Rxa5 Nxc5 22. Rxa8 Nxb3 23. cxb3 Qb7 24. Ra4 Qxb3 25. Qc2 Qb8 26. Bc5 Be6 27. Ra3 h5 28. Rd1 Re8 29. Bd6 Qb5 30. Rc3 Rd8 31. Ba3 Ra8 32. Rc5 Qb8 33. Rc3 f6 34. h4 Kf7 35. Rd6 Ra6 36. Rcd3 Qb5 37. Bf1 Bc4 38. Rd1 Bxf1 39. Rxf1 Ra4 40. Rfd1 Rc4 41. Qe2 Qa4 42. Rd7 Rxe4 43. Qf3 Rd4 44. R1xd4 exd4 1-0

[Event "DEN-ch blitz Final Gr-1"]
[Site "Svendborg"]
[Date "2022.04.15"]
[Round "5"]
[White "Rasmussen, Allan Stig"]
[Black "Meskenas, Paulius"]
[Result "1-0"]
[WhiteElo "2550"]
[BlackElo "2110"]
[PlyCount "101"]
[EventDate "2022.04.15"]
[EventType "tourn (blitz)"]
[EventRounds "7"]
[EventCountry "DEN"]
[SourceTitle "EXT 2024"]
[Source "ChessBase"]
[SourceDate "2023.10.10"]
[SourceVersion "1"]
[SourceVersionDate "2023.10.10"]
[SourceQuality "1"]

1. e4 e5 2. Nf3 Nc6 3. Bb5 a6 4. Ba4 Nf6 5. 0-0 b5 6. Bb3 Nxe4 7. d4 d5 8. dxe5 Be6 9. Nbd2 Nc5 10. c3 Be7 11. Bc2 d4 12. Re1 d3 13. Bb1 Qd5 14. Nb3 Nxb3 15. axb3 0-0 16. Bxd3 Rfd8 17. Bc2 Qxd1 18. Bxd1 Bc5 19. Bg5 Rd7 20. b4 Bb6 21. Bc2 h6 22. Be3 Bxe3 23. Rxe3 Ne7 24. Be4 Nd5 25. Rd3 c6 26. Nd4 Ne7 27. Nxc6 Nxc6 28. Bxc6 Rxd3 29. Bxa8 Rd2 30. h3 Rxb2 31. Rxa6 Rc2 32. Rc6 Kh7 33. Rc5 g6 34. Bc6 Bc4 35. Bxb5 Bxb5 36. Rxb5 Rxc3 37. Rb7 Kg8 38. g3 Rb3 39. Kg2 g5 40. f4 gxf4 41. gxf4 Kf8 42. h4 h5 43. Kf2 Ke8 44. f5 Rh3 45. b5 Rxh4 46. b6 Rb4 47. f6 h4 48. Re7+ Kf8 49. b7 Kg8 50. Re8+ Kh7 51. b8Q 1-0

[Event "DEN-ch blitz Final KO"]
[Site "Svendborg"]
[Date "2022.04.15"]
[Round "2.2"]
[White "Rasmussen, Allan Stig"]
[Black "Nielsen, Viktor Haarmark"]
[Result "1-0"]
[WhiteElo "2550"]
[BlackElo "2319"]
[PlyCount "75"]
[EventDate "2022.04.15"]
[EventType "k.o. (blitz)"]
[EventRounds "2"]
[EventCountry "DEN"]
[SourceTitle "EXT 2024"]
[Source "ChessBase"]
[SourceDate "2023.10.10"]
[SourceVersion "1"]
[SourceVersionDate "2023.10.10"]
[SourceQuality "1"]

1. c4 c5 2. Nf3 Nf6 3. Nc3 g6 4. g3 Bg7 5. Bg2 0-0 6. d4 d6 7. 0-0 Nc6 8. d5 Na5 9. Nd2 a6 10. Qc2 b5 11. cxb5 axb5 12. Nxb5 Ba6 13. Nc3 Qb6 14. b3 Rfb8 15. Rb1 Nd7 16. Bb2 Qa7 17. Ba1 Rb4 18. a3 Rbb8 19. Rfe1 Qc7 20. h3 Ra7 21. Kh2 Rab7 22. f4 Nf6 23. e4 Nd7 24. Bf3 Rb6 25. Na4 R6b7 26. Bxg7 Kxg7 27. Qc3+ Kg8 28. e5 dxe5 29. fxe5 f6 30. d6 exd6 31. exd6 Qd8 32. Bxb7 Bxb7 33. Nxc5 Nxc5 34. Qxc5 Nc6 35. Nc4 Rc8 36. Qd5+ Kg7 37. Re7+ Nxe7 38. Qxb7 1-0

[Event "DEN-ch blitz Final KO"]
[Site "Svendborg"]
[Date "2022.04.15"]
[Round "2.3"]
[White "Rasmussen, Allan Stig"]
[Black "Nielsen, Viktor Haarmark"]
[Result "1-0"]
[WhiteElo "2550"]
[BlackElo "2319"]
[PlyCount "73"]
[EventDate "2022.04.15"]
[EventType "k.o. (blitz)"]
[EventRounds "2"]
[EventCountry "DEN"]
[SourceTitle "EXT 2024"]
[Source "ChessBase"]
[SourceDate "2023.10.10"]
[SourceVersion "1"]
[SourceVersionDate "2023.10.10"]
[SourceQuality "1"]

1. Nf3 c5 2. c4 g6 3. Nc3 Bg7 4. g3 Nc6 5. Bg2 e6 6. 0-0 Nge7 7. d3 b6 8. Bf4 d6 9. Ne4 e5 10. Bg5 0-0 11. Qd2 f6 12. Bh6 Be6 13. Bxg7 Kxg7 14. a3 d5 15. cxd5 Nxd5 16. Rfc1 Rc8 17. Rab1 Qe7 18. h4 Rfd8 19. e3 f5 20. Neg5 Bg8 21. Qe2 h6 22. Nh3 Nf6 23. Rd1 Rd6 24. b4 cxb4 25. axb4 e4 26. dxe4 Rxd1+ 27. Qxd1 fxe4 28. Nd4 Nxb4 29. Nf4 Nbd5 30. Nxd5 Nxd5 31. Qg4 Rf8 32. Bxe4 Nc3 33. Qxg6+ Kh8 34. Qxh6+ Bh7 35. Bxh7 Nxb1 36. Bxb1+ Kg8 37. Ba2+ 1-0

[Event "DEN-ch blitz Final KO"]
[Site "Svendborg"]
[Date "2022.04.15"]
[Round "1.3"]
[White "Rasmussen, Allan Stig"]
[Black "Olsen, Filip Boe"]
[Result "1-0"]
[WhiteElo "2550"]
[BlackElo "2402"]
[PlyCount "79"]
[EventDate "2022.04.15"]
[EventType "k.o. (blitz)"]
[EventRounds "2"]
[EventCountry "DEN"]
[SourceTitle "EXT 2024"]
[Source "ChessBase"]
[SourceDate "2023.10.10"]
[SourceVersion "1"]
[SourceVersionDate "2023.10.10"]
[SourceQuality "1"]

1. c4 c6 2. Nf3 d5 3. e3 Nf6 4. Nc3 Bf5 5. cxd5 cxd5 6. Bb5+ Nc6 7. Ne5 Qd6 8. d4 a6 9. Qa4 Bd7 10. Nxd7 Nxd7 11. Be2 e6 12. Bd2 Be7 13. 0-0 0-0 14. Rac1 Rfc8 15. Qc2 b5 16. Qb1 Nb6 17. Rfd1 Nc4 18. Be1 h6 19. b3 Nb6 20. Bf3 Qd8 21. Ne2 Ba3 22. Rc2 Nb4 23. Rxc8 Rxc8 24. Bc3 a5 25. Rd2 Qe7 26. Qd1 Rc6 27. Qa1 Qc7 28. g3 Nd7 29. h4 Nf6 30. Kg2 Ne4 31. Bxe4 dxe4 32. Bxb4 Bxb4 33. Rd1 Rc2 34. Nf4 Bc3 35. Qb1 Rb2 36. Qxe4 Rxa2 37. d5 exd5 38. Nxd5 f5 39. Qe8+ Kh7 40. Nxc7 1-0

[Event "DEN-chT 2122 59th"]
[Site "Denmark"]
[Date "2021.12.12"]
[Round "3.1"]
[White "Fries Nielsen, Jens Ove"]
[Black "Rasmussen, Allan Stig"]
[Result "1-0"]
[WhiteElo "2378"]
[BlackElo "2566"]
[PlyCount "105"]
[EventDate "2021.10.30"]
[EventType "team-tourn"]
[EventRounds "9"]
[EventCountry "DEN"]
[SourceTitle "EXT 2023"]
[Source "ChessBase"]
[SourceDate "2022.10.05"]
[SourceVersion "1"]
[SourceVersionDate "2022.10.05"]
[SourceQuality "1"]
[WhiteTeam "Fredericia"]
[BlackTeam "Jetsmark"]
[WhiteTeamCountry "DEN"]
[BlackTeamCountry "DEN"]

1. Nf3 d5 2. b4 c6 3. e3 Nf6 4. Bb2 e6 5. a3 a5 6. b5 Nbd7 7. a4 Bd6 8. c4 0-0 9. cxd5 exd5 10. Be2 c5 11. d3 Re8 12. 0-0 b6 13. d4 Bb7 14. Nc3 Qc7 15. Rc1 Rad8 16. Re1 Qb8 17. g3 Nf8 18. Bf1 Ng6 19. Bg2 h5 20. Ne2 c4 21. Nf4 Nxf4 22. gxf4 Bb4 23. Rf1 Qd6 24. Ne5 Bc8 25. Kh1 g6 26. f3 h4 27. Rg1 Kg7 28. Bf1 Rh8 29. Qc2 Kf8 30. Rd1 Bf5 31. Qc1 Nh5 32. Rg5 Qf6 33. Kg1 Bc8 34. Bxc4 dxc4 35. Qxc4 Rh7 36. d5 Qd6 37. Bd4 Re8 38. Rc1 Bb7 39. Qc7 Rc8 40. Qxc8+ Bxc8 41. Rxc8+ Ke7 42. Nc6+ Kd7 43. Rd8+ Kc7 44. Be5 Bc5 45. Kf1 h3 46. Ke2 Rh6 47. Rg1 f6 48. Bxd6+ Bxd6 49. Rg8 g5 50. Nd4 Rh7 51. Nf5 gxf4 52. Nxd6 Kxd6 53. e4 1-0

[Event "EU-chT 23rd"]
[Site "Terme Catez"]
[Date "2021.11.18"]
[Round "6.3"]
[White "Verstraeten, Reinaert"]
[Black "Rasmussen, Allan Stig"]
[Result "1/2-1/2"]
[WhiteElo "2386"]
[BlackElo "2577"]
[PlyCount "99"]
[EventDate "2021.11.12"]
[EventType "team-swiss"]
[EventRounds "9"]
[EventCountry "SLO"]
[SourceTitle "CBM 205"]
[Source "ChessBase"]
[SourceDate "2021.12.31"]
[SourceVersion "1"]
[SourceVersionDate "2021.12.31"]
[SourceQuality "1"]
[WhiteTeam "Belgium"]
[BlackTeam "Denmark"]
[WhiteTeamCountry "BEL"]
[BlackTeamCountry "DEN"]

1. d4 f5 2. g3 Nf6 3. Bg2 d6 4. Nf3 g6 5. 0-0 Bg7 6. c4 0-0 7. Nc3 c6 8. b4 e5 9. dxe5 dxe5 10. e4 f4 11. Qb3 Qe8 12. b5 Bg4 13. Ba3 Rf7 14. Bd6 Bf8 15. Rad1 Nbd7 16. bxc6 bxc6 17. Qa3 h6 18. c5 g5 19. Bxf8 Qxf8 20. Rd6 Ne8 21. Rxd7 Bxd7 22. Nxe5 f3 23. Nxd7 Rxd7 24. Bh3 Re7 25. Qa4 Qf6 26. e5 Rxe5 27. Bd7 Rd8 28. Bxc6 Kh8 29. Nd5 Qf7 30. Ne3 Rxc5 31. Bxe8 Qxe8 32. Qxa7 Rdc8 33. h3 R8c7 34. Qb6 R7c6 35. Qb4 Qe6 36. Qd4+ Qf6 37. Qe4 Re5 38. Qd4 Re8 39. Qd5 Qd6 40. Qxf3 Qf6 41. Nf5 Rce6 42. Kg2 Qe5 43. Rd1 Rf6 44. g4 Qe4 45. Qxe4 Rxe4 46. Rd8+ Kh7 47. Rd7+ Kh8 48. Rd8+ Kh7 49. Rd7+ Kh8 50. Rd8+ 1/2-1/2